000 00802nam a2200265Ia 4500
003 OSt
005 20221005062030.0
006 a|||||r|||| 00| 0
007 ta
008 221004b |||||||| |||| 00| 0 eng d
020 _a9780367029203 (pbk)
_cINR 695.00
024 _a44590
037 _b5744, 23/01/2019, Sanchit Book Service
_cTextual
040 _aCRL
_cCRL
_beng
041 _2eng
_aeng
082 _aY15.2, Q9
100 _aLoomba Ania Au.
_9601390
245 0 _aRevolutionary desires
_b women, communism, and feminism in India
260 _aLondon
_bRoutledge UK
_c2019
300 _aix,321p.
_ccm.
650 _a WOMEN
650 _aSOCIOLOGY
942 _hY15.2, Q9
_cTEXL
_2cc
999 _c969102
_d969102